Formal languages and compilation / (Record no. 13412)
[ view plain ]
| 000 -LEADER | |
|---|---|
| fixed length control field | 00969cam a22002775a 4500 |
| 001 - CONTROL NUMBER | |
| control field | 15534287 |
| 005 - DATE AND TIME OF LATEST TRANSACTION | |
| control field | 20090803152616.0 |
| 008 - FIXED-LENGTH DATA ELEMENTS--GENERAL INFORMATION | |
| fixed length control field | 081125s2008 nyu 000 0 eng |
| 010 ## - LIBRARY OF CONGRESS CONTROL NUMBER | |
| LC control number | 2008942386 |
| 020 ## - INTERNATIONAL STANDARD BOOK NUMBER | |
| International Standard Book Number | 9781848820494 (hardcover) |
| 040 ## - CATALOGING SOURCE | |
| Original cataloging agency | DLC |
| Transcribing agency | DLC |
| 082 ## - DEWEY DECIMAL CLASSIFICATION NUMBER | |
| Edition number | 21 |
| Classification number | 005.133 |
| Item number | REG |
| 100 1# - MAIN ENTRY--PERSONAL NAME | |
| Personal name | Reghizzi, Stefano Crespi. |
| 9 (RLIN) | 11473 |
| 245 10 - TITLE STATEMENT | |
| Title | Formal languages and compilation / |
| Statement of responsibility, etc | Stefano Crespi Reghizzi. |
| 250 ## - EDITION STATEMENT | |
| Edition statement | 1st ed. |
| 260 ## - PUBLICATION, DISTRIBUTION, ETC. (IMPRINT) | |
| Place of publication, distribution, etc | New York : |
| Name of publisher, distributor, etc | Springer, |
| Date of publication, distribution, etc | c.2008. |
| 263 ## - PROJECTED PUBLICATION DATE | |
| Projected publication date | 0812 |
| 300 ## - PHYSICAL DESCRIPTION | |
| Extent | 364p: |
| Other physical details | ill; |
| Dimensions | 25 cm. |
| 490 0# - Series Statement | |
| Series statement | Texts in computer science |
| 500 ## - GENERAL NOTE | |
| General note | Includes Index. |
| 650 ## - SUBJECT ADDED ENTRY--TOPICAL TERM | |
| Topical term or geographic name as entry element | Programming languages (Electronic computers) |
| 9 (RLIN) | 11474 |
| 650 ## - SUBJECT ADDED ENTRY--TOPICAL TERM | |
| Topical term or geographic name as entry element | Understanding computers. |
| 9 (RLIN) | 11475 |
| 942 ## - ADDED ENTRY ELEMENTS (KOHA) | |
| Source of classification or shelving scheme | Dewey Decimal Classification |
| Item type | Book - Borrowing |
| Withdrawn status | Item status | Source of classification or shelving scheme | Damaged status | Not for loan | Vendor | Home library | Current library | Shelving location | Date acquired | Source of acquisition | Cost, normal purchase price | Serial Enumeration / chronology | Total Checkouts | Full call number | Barcode | Date last seen | Koha item type |
|---|---|---|---|---|---|---|---|---|---|---|---|---|---|---|---|---|---|
| Dewey Decimal Classification | Alahram | Central Library | Central Library | Lower Floor | 18/02/2010 | 436.50 | 37 | 005.133 REG | 000019590 | 15/07/2025 | Book - Borrowing |